01078nab a2200193 i 4500001000400000003000400004005001700008008003900025040000800064080001100072100016700083245013200250260001000382500002100392520037900413650002600792650002300818773004300841BPPBPK20160108091041.0140528s1978 pl f |000 0 pol cBPK a621.92 aWOŹNIAK, Kazimierz.d1980 - 1989.bWyższa Szkoła Inżynierska w Koszalinie - Instytut Techniki Wytwarzania,cZakład Materiałoznawstwa i Obróbki Cieplnej aZagadnienia surowcowo-technologiczne produkcji wyrobów ściernych o spoiwie żywiczym /cKazimierz Woźniak, Robert Andre. c1978. aDane z autopsji. aW produkcji wyrobów ściernych o spoiwie żywiczym podstawowym problemem jest wybór żywicy fenolowo-formaldehydowej o ściśle określonych parametrach fizyko-mechanicznych. Proces utwardzania uformowanych wyrobów ściernych o spoiwie żywiczym posiada decydujący wpływ na uzyskanie wyrobu ściernego o żądanej charakterystyce, głównie twardości. 0aMateriały ścierne. 0aŻywice fenolowe. iW :tChemik. -g1978, nr 8, s. 252-255